000 00600nam a2200229Ia 4500
001 9136
005 20240113234151.0
007 ta
008 050723s1913 a g b000 u eng u
040 _aCotton College,Assam
041 _aeng
082 _a821.8209
_bM 454 B
100 _aMayne, E.C. .
245 0 _aBrowning`s Heroines /
_cE.C. Mayne.
_hTextual Documents
250 _a1st ed /
260 _aLondon :
_bChatto & Windus ,
_c1913.
300 _ax, 325p. :
_bill. ;
_c21cm. .
653 _aEnglish-Poem-Criticism
942 _2ddc
_cBK
999 _c9123
_d9123